Statistiken für Schnelle Mathematik: Vielfachen von 5

Klicken Sie hier um das Quiz zu spielen!

Allgemein

  • Dieses Quiz wurde 298 mal gespielt
  • Das Durchschnittsergebnis liegt bei 10 aus 10

Antwortstatistiken

HintAntwort% Korrekt
1*55
100%
2*510
98%
3*515
98%
4*520
98%
5*525
98%
6*530
98%
7*535
96%
8*540
96%
9*545
92%
10*550
88%

Verteilung der Resultate

Perzentil nach korrekt beantworteten Fragen

Anzahl Personen mit jedem Resultat

Ihre Resultats-Entwicklung

Sie haben dieses Quiz noch nicht gespielt